000 00509nam a2200169Ia 4500
003 IN-BaIIA
008 211028s9999 xx s 000 0 eng d
020 _a9780819452948 (Print)
020 _a9780819478160 (Online)
040 _cIIA Library
100 _aGreivenkamp, John E.
_940906
245 0 _aField Guide to Geometrical Optics
_h[eBook]
260 _aWashington, USA
_bSPIE
_c2004
300 _aOnline resource
856 _uhttps://doi.org/10.1117/3.547461
_yClick Here to Access eBook
942 _cEB
999 _c22204
_d22204